Historical periods by picture - Antiquity 3500-800 BCE - Statistics

General Stats
  • This quiz has been taken 8 times
  • The average score is 12 of 20
Answer Stats
Picture Hint Answer % Correct
Region Mesopotamia
100%
Law Code of {Hammurabi}
88%
Site great pyramid of {Giza}
88%
Material Papyrus
88%
King Tutankhamun
88%
Civilisation {Minoan} civilisation
75%
Site Troy
75%
Site (Egypt) Valley of the {Kings}
75%
Writing system Cuneiform
63%
King (ca. 2400 BC) {Sargon} of Akkad
63%
Type of building Ziggurat
63%
God Horus
50%
Civilisation Olmec
50%
Innovation {Phoenician} alphabet
50%
Site (Iraq) Ur
50%
King Mask of {Agamemnon}
38%
Site (Egypt) Abu Simbel
25%
King Akhenaten
25%
Site (Egypt) Temple of {Karnak}
13%
Religious texts Vedas
13%
No matching quizzes found
Score Distribution
Percent of People with Each Score
Percentile by Number Answered
Your Score History
You have not taken this quiz